FMLN continúa presión militar
En los últimos meses la tensión bélica en El Salvador, tanto el gobierno, las fuerzas armadas y el FMLN se amenazan con lanzar una ofensiva militar. Mientras en el congreso de USA se debatía un plan para recortar y condicionar la ayuda militar al ejército salvadoreño, diferentes comandos del FMLN at...
Guardat en:
| Format: | Text |
|---|---|
| Idioma: | Spanish |
| Matèries: | |
| Etiquetes: |
Afegir etiqueta
Sense etiquetes, Sigues el primer a etiquetar aquest registre!
|
MARC
| LEADER | 00000 a a2200000 04500 | ||
|---|---|---|---|
| 001 | 2788 | ||
| 003 | cru IIS | ||
| 005 | 20220216122549.0 | ||
| 008 | 220216b |||||||| |||| 00| 0 spa d | ||
| 040 | |c cru IIS | ||
| 245 | |a FMLN continúa presión militar | ||
| 500 | |a Colección Centroamérica | ||
| 520 | |a En los últimos meses la tensión bélica en El Salvador, tanto el gobierno, las fuerzas armadas y el FMLN se amenazan con lanzar una ofensiva militar. Mientras en el congreso de USA se debatía un plan para recortar y condicionar la ayuda militar al ejército salvadoreño, diferentes comandos del FMLN atacaban objetivos militares de las fuerzas armadas con el objetivo de ejercer sobre el gobierno presión militar para obligarlo a negociar. El proyecto de ley aprobado por el senado norteamericano reduce la ayuda militar a la mitad y condicionada a un arreglo político con el FMLN bajo los auspicios de la ONU además a acelerar la investigación del asesinato de los jesuitas y a que no se violen los derechos humanos de la población civil. Mientras esto sucede la guerrilla y el ejército no cesarán en sus acciones violentas partidos políticos de oposición y organizaciones populares denuncian al gobierno y al ejército por impulsar una campaña de persecución en contra de sus dirigentes. VJ/MR | ||
| 650 | |a GUERRA CIVIL | ||
| 650 | |a GUERRILLEROS | ||
| 650 | |a FUERZAS ARMADAS | ||
| 650 | |a VIOLENCIA | ||
| 650 | |a TERRORISMO | ||
| 650 | |a DERECHOS HUMANOS | ||
| 650 | |a REVOLUCION | ||
| 650 | |a DEMOCRACIA | ||
| 650 | |a PAZ | ||
| 773 | |g número 49; páginas 12-15 | ||
| 773 | 0 | |0 42570 |9 4990 |a Universidad de Costa Rica |d San José, Costa Rica CSUCA-PAX; Universidad de Costa Rica, 1988- |o 21651 |t Centroamérica Hoy/ | |
| 942 | |2 ddc |c PP | ||
| 999 | |c 38171 |d 38171 | ||
